00409nam a2200181Ia 4500008004100000020001400041050001400055100001800069245002300087245001800110260001500128260001600143260000900159300001400168300002700182300001000209500000800219170918s9999 xx 000 0 und d a439288274 bH513 2000 aHenkes, Kevin aWemberly worried / cKevin Henkes. aNew York : bScholastic, c2000 aunpaged : bcolored illustration ; c26cm. a170